Química general moderna
Uloženo v:
| Hlavní autor: | |
|---|---|
| Médium: | Kniha |
| Jazyk: | Spanish |
| Vydáno: |
España, Barcelona: Manuel Marín y CIA
1956
|
| Témata: | |
| Tagy: |
Přidat tag
Žádné tagy, Buďte první, kdo vytvoří štítek k tomuto záznamu!
|
MARC
| LEADER | 00000nam a2200000Ia 4500 | ||
|---|---|---|---|
| 003 | 002146 | ||
| 005 | 20221231143957.0 | ||
| 008 | 140114s1956 sp a 000 ||spa d | ||
| 040 | |c ccru CEDI | ||
| 082 | |a 540 B114q | ||
| 100 | |a Babor, Joseph Albert, n. 1895 |9 21320 | ||
| 245 | |a Química general moderna | ||
| 260 | |a España, Barcelona: Manuel Marín y CIA |c 1956 | ||
| 300 | |a xxv, 902 páginas : ilustraciones, láminas (en color y plegables) ; 22 cm | ||
| 650 | |x QUIMICA |9 21321 | ||
| 942 | |2 ddc |c BK | ||
| 999 | |c 15079 |d 15079 | ||
